000 00659nam a22002177a 4500
005 20250604105321.0
008 250520b |||||||| |||| 00| 0 eng d
020 _a9788184110760 (hbk)
037 _cTB
040 _aBL
_cBL
041 _2eng
_aeng
084 _a4:(M95) R5
_qBL
100 _aDeshpande, B. K.
_9809121
245 _aPhoto journalism
260 _aNew Delhi, India:
_bSonali Publications,
_c2025.
300 _a256p.
365 _b520.00
_cINR
650 _aJournalism
942 _2CC
_cTB
_h4:(M95) R5
_n0
999 _c1428904
_d1428904